<?xml version="1.0" encoding="UTF-8"?>
<record
    xmlns:xsi="http://www.w3.org/2001/XMLSchema-instance"
    xsi:schemaLocation="http://www.loc.gov/MARC21/slim http://www.loc.gov/standards/marcxml/schema/MARC21slim.xsd"
    xmlns="http://www.loc.gov/MARC21/slim">

  <leader>00324nam a2200133Ia 4500</leader>
  <controlfield tag="008">191201s2012    xx            000 0 und d</controlfield>
  <datafield tag="100" ind1=" " ind2=" ">
    <subfield code="a">JAIN, Ashok k</subfield>
  </datafield>
  <datafield tag="245" ind1=" " ind2="0">
    <subfield code="a">Reinforced Concrete Limit State Design</subfield>
  </datafield>
  <datafield tag="250" ind1=" " ind2=" ">
    <subfield code="a">7th</subfield>
  </datafield>
  <datafield tag="260" ind1=" " ind2=" ">
    <subfield code="a">N. Delhi</subfield>
    <subfield code="b">Nem Chand</subfield>
    <subfield code="c">2012</subfield>
  </datafield>
  <datafield tag="300" ind1=" " ind2=" ">
    <subfield code="a">919</subfield>
  </datafield>
  <datafield tag="650" ind1=" " ind2=" ">
    <subfield code="a">B.Tech(CE)</subfield>
  </datafield>
  <datafield tag="942" ind1=" " ind2=" ">
    <subfield code="2">ddc</subfield>
    <subfield code="c">BK</subfield>
  </datafield>
  <datafield tag="999" ind1=" " ind2=" ">
    <subfield code="c">5589</subfield>
    <subfield code="d">5589</subfield>
  </datafield>
  <datafield tag="952" ind1=" " ind2=" ">
    <subfield code="0">0</subfield>
    <subfield code="1">0</subfield>
    <subfield code="2">ddc</subfield>
    <subfield code="4">0</subfield>
    <subfield code="7">0</subfield>
    <subfield code="8">BTECHCE</subfield>
    <subfield code="a">PIET</subfield>
    <subfield code="b">PIET</subfield>
    <subfield code="d">2013-05-07</subfield>
    <subfield code="e">IBH, New Delhi</subfield>
    <subfield code="g">450.00</subfield>
    <subfield code="k">1002</subfield>
    <subfield code="l">1</subfield>
    <subfield code="o">624.1834 JAR</subfield>
    <subfield code="p">21502</subfield>
    <subfield code="q">2020-11-20</subfield>
    <subfield code="r">2020-11-06 00:00:00</subfield>
    <subfield code="s">2020-11-06</subfield>
    <subfield code="w">2013-05-06</subfield>
    <subfield code="y">BK</subfield>
  </datafield>
  <datafield tag="952" ind1=" " ind2=" ">
    <subfield code="0">0</subfield>
    <subfield code="1">0</subfield>
    <subfield code="2">ddc</subfield>
    <subfield code="4">0</subfield>
    <subfield code="7">0</subfield>
    <subfield code="8">BTECHCE</subfield>
    <subfield code="a">PIET</subfield>
    <subfield code="b">PIET</subfield>
    <subfield code="d">2013-05-07</subfield>
    <subfield code="e">IBH, New Delhi</subfield>
    <subfield code="g">450.00</subfield>
    <subfield code="k">1002</subfield>
    <subfield code="l">4</subfield>
    <subfield code="o">624.1834 JAR</subfield>
    <subfield code="p">21503</subfield>
    <subfield code="r">2023-04-18 00:00:00</subfield>
    <subfield code="s">2023-04-18</subfield>
    <subfield code="w">2013-05-06</subfield>
    <subfield code="y">BK</subfield>
  </datafield>
  <datafield tag="952" ind1=" " ind2=" ">
    <subfield code="0">0</subfield>
    <subfield code="1">0</subfield>
    <subfield code="2">ddc</subfield>
    <subfield code="4">0</subfield>
    <subfield code="7">0</subfield>
    <subfield code="8">BTECHCE</subfield>
    <subfield code="a">PIET</subfield>
    <subfield code="b">PIET</subfield>
    <subfield code="d">2013-05-07</subfield>
    <subfield code="e">IBH, New Delhi</subfield>
    <subfield code="g">450.00</subfield>
    <subfield code="k">1002</subfield>
    <subfield code="l">0</subfield>
    <subfield code="o">624.1834 JAR</subfield>
    <subfield code="p">21504</subfield>
    <subfield code="r">2019-12-04 00:00:00</subfield>
    <subfield code="w">2013-05-06</subfield>
    <subfield code="y">BK</subfield>
  </datafield>
  <datafield tag="952" ind1=" " ind2=" ">
    <subfield code="0">0</subfield>
    <subfield code="1">0</subfield>
    <subfield code="2">ddc</subfield>
    <subfield code="4">0</subfield>
    <subfield code="7">0</subfield>
    <subfield code="8">BTECHCE</subfield>
    <subfield code="a">PIET</subfield>
    <subfield code="b">PIET</subfield>
    <subfield code="d">2013-05-07</subfield>
    <subfield code="e">IBH, New Delhi</subfield>
    <subfield code="g">450.00</subfield>
    <subfield code="k">1002</subfield>
    <subfield code="l">1</subfield>
    <subfield code="o">624.1834 JAR</subfield>
    <subfield code="p">21505</subfield>
    <subfield code="r">2023-01-10 00:00:00</subfield>
    <subfield code="s">2022-12-26</subfield>
    <subfield code="w">2013-05-06</subfield>
    <subfield code="y">BK</subfield>
  </datafield>
  <datafield tag="952" ind1=" " ind2=" ">
    <subfield code="0">0</subfield>
    <subfield code="1">0</subfield>
    <subfield code="2">ddc</subfield>
    <subfield code="4">0</subfield>
    <subfield code="7">0</subfield>
    <subfield code="8">BTECHCE</subfield>
    <subfield code="a">PIET</subfield>
    <subfield code="b">PIET</subfield>
    <subfield code="d">2013-05-07</subfield>
    <subfield code="e">IBH, New Delhi</subfield>
    <subfield code="g">450.00</subfield>
    <subfield code="k">1002</subfield>
    <subfield code="l">0</subfield>
    <subfield code="o">624.1834 JAR</subfield>
    <subfield code="p">21506</subfield>
    <subfield code="r">2019-12-04 00:00:00</subfield>
    <subfield code="w">2013-05-06</subfield>
    <subfield code="y">BK</subfield>
  </datafield>
</record>
